|
|
|
|
| LEADER |
00000nam0a2200000 4500 |
| 001 |
25138 |
| 005 |
20231030200633.0 |
| 010 |
|
|
|a 5820600584
|
| 035 |
|
|
|a (RuTPU)RU\TPU\book\25374
|
| 035 |
|
|
|a BOOK00025449
|
| 090 |
|
|
|a 25138
|
| 100 |
|
|
|a 20011209d2000 m y0rusy50 ca
|
| 101 |
0 |
|
|a rus
|
| 102 |
|
|
|a RU
|a UA
|a DE
|
| 105 |
|
|
|a a j 001zy
|
| 200 |
1 |
|
|a Visual FoxPro 6.0
|e Самоучитель
|f Л. Омельченко
|
| 210 |
|
|
|a СПб.
|c БХВ-Петербург
|d 2000
|a Дюссельдорф
|a Киев
|a Москва
|
| 215 |
|
|
|a 512 с.
|c ил.
|
| 320 |
|
|
|a Предм. указ.: с. 497-499.
|
| 330 |
|
|
|a В книге рассматривается система управления базами данных Visual FoxPro 6.0, а также создание основных объектов Visual FoxPro (таблиц, запросов, форм, отчетов, классов) и управления ими.
|
| 610 |
1 |
|
|a программирование
|
| 610 |
1 |
|
|a базы данных
|
| 610 |
1 |
|
|a FoxPro
|
| 610 |
1 |
|
|a Visual FoxPro
|
| 610 |
1 |
|
|a объекты
|
| 610 |
1 |
|
|a управление
|
| 610 |
1 |
|
|a объектно-ориентированное программирование
|
| 610 |
1 |
|
|a учебные пособия
|
| 675 |
|
|
|a 681.3.016(07)
|v 3
|
| 700 |
|
1 |
|a Омельченко
|b Л.
|g Людмила
|
| 801 |
|
0 |
|a RU
|b 63413507
|c 20011209
|g PSBO
|
| 801 |
|
2 |
|a RU
|b 63413507
|c 20090115
|g PSBO
|
| 942 |
|
|
|c BK
|